000 00716nam a2200217 a 4500
008
049 _aMAIN
090 _aTH435
_bMOY
100 1 _aMoyo, Tirivavi
245 1 0 _aAn analysis of the most effective alternative procurement methods for succeefull project delievery in Zimbabwe/
_cTirivavi Moyo
260 _aBulawayo
_bNUST,
_c2009
300 _a78 p. :
_bill. ;
_c30 cm.
504 _aIncludes bibliographical references.
500 _aThesis (Bsc)----NUST, 2009
700 _aNUST.
_bDept. Of Quantity Surveying.
_fThesis.
907 _a.b10320374
_b16-10-12
_c11-10-12
003
005 20230120153125.0
040 _cNUST
942 _cBOOKS
_kTH435
_mMOY
999 _c99192
_d99192